Postavenie USA v súčasných medzinárodných vzťahoch (vzťahy USA a KĽDR) bakalárska práca

Uložené v:
Podrobná bibliografia
Hlavný autor: Matláková, Viktória
Korporativný autor: Fakulta medzinárodných vzťahov EU. Katedra medzinárodných politických vzťahov
Ďalší autori: Kucharčík, Rudolf, 1977-
Médium: Kniha
Jazyk:Slovak
Vydavateľské údaje: Bratislava 2018
Tagy: Pridať tag
Žiadne tagy, Buďte prvý, kto otaguje tento záznam!

MARC

LEADER 00000nbm a2200000 4500
001 0244564
005 20180802080010.6
041 0 |a slo 
044 |a SK 
245 1 0 |a Postavenie USA v súčasných medzinárodných vzťahoch (vzťahy USA a KĽDR)  |b bakalárska práca  |c Viktória Matláková ; školiteľ: Rudolf Kucharčík 
264 1 |a Bratislava  |c 2018 
300 |a 47 s. 
100 1 |a Matláková, Viktória 
700 1 |a Kucharčík, Rudolf, 1977- 
710 2 |a Fakulta medzinárodných vzťahov EU. Katedra medzinárodných politických vzťahov